Symbolic Interaction and Verstehen : (Record no. 608092)

MARC details
000 -LEADER
fixed length control field 00523nam a2200193 a 4500
008 - FIXED-LENGTH DATA ELEMENTS--GENERAL INFORMATION
fixed length control field 260110s2005##################000#0#eng##
020 ## - INTERNATIONAL STANDARD BOOK NUMBER
ISBN 3631539177
082 04 - DEWEY DECIMAL CLASSIFICATION NUMBER
Classification number 302
Item number HEL.4
100 1# - MAIN ENTRY--AUTHOR NAME
Personal name Helle, Horst Jürgen,
245 10 - TITLE STATEMENT
Title Symbolic Interaction and Verstehen :
260 ## - PUBLICATION, DISTRIBUTION, ETC. (IMPRINT)
Name of publisher Peter Lang Pub Incorporated,
Year of publication 2005.
300 ## - PHYSICAL DESCRIPTION
Number of Pages 141 pages
650 #0 - SUBJECT ADDED ENTRY--TOPICAL TERM
Topical Term Social Science.
942 ## - ADDED ENTRY ELEMENTS (KOHA)
Koha item type English Books
Holdings
Withdrawn status Lost status Damaged status Not for loan Home library Current library Shelving location Date acquired Full call number Accession Number Price effective from Koha item type
        Anna Centenary Library Anna Centenary Library 3RD FLOOR, B WING 10.01.2026 302 HEL.4 215226 10.01.2026 English Books

Find us on the map